Bytová politika.

Referáty z konferencie (december 1992) na tému: Deregulácia nájomného a ochrana nájomníkov, prednesené skupinou amerických expertov z ICMA - Washington. Koreferáty českých ekonómov. Skúsenosti z praxe bytovej politiky a Dokument - Zásady postupu pri transformácii bytového fondu.

Gespeichert in:
Bibliographische Detailangaben
Format: Buchkapitel
Sprache:Tschechisch
Schlagworte:
Tags: Tag hinzufügen
Keine Tags, Fügen Sie das erste Tag hinzu!

MARC

LEADER 00000naa a2200000 4500
001 r012212
005 20220826093329.3
041 0 |a cze 
044 |a CZ 
245 1 0 |a Bytová politika. 
520 |a Referáty z konferencie (december 1992) na tému: Deregulácia nájomného a ochrana nájomníkov, prednesené skupinou amerických expertov z ICMA - Washington. Koreferáty českých ekonómov. Skúsenosti z praxe bytovej politiky a Dokument - Zásady postupu pri transformácii bytového fondu. 
610 2 0 |a politika bytová 
610 2 0 |a konferencie 
610 2 0 |a Čechy 
610 2 0 |a 1992 
610 2 0 |a nájomné 
610 2 0 |a byty 
610 2 0 |a trh 
610 2 0 |a chudoba 
610 2 0 |a ceny 
610 2 0 |a transformácia 
610 2 0 |a regulácia hospodárska